Guess 16 Zenit footballers by image - Statistics

General Stats
  • This quiz has been taken 28 times
  • The average score is 10 of 16
Answer Stats
Picture Answer % Correct
Axel Witsel
100%
Hulk
96%
Branislav Ivanovic
83%
Claudio Marchisio
79%
Dejan Lovren
79%
Artem Dzyuba
75%
Leandro Paredes
75%
Ezequiel Garay
71%
Bruno Alves
67%
Sardar Azmoun
63%
Domenico Criscito
50%
Javi García
50%
Malcolm
50%
Anatoliy Tymoshchuk
46%
Danny
33%
Andrey Arshavin
13%
No matching quizzes found
Score Distribution
Percent of People with Each Score
Percentile by Number Answered
Your Score History
You have not taken this quiz